Wiskunde - Worteltrekkingen - Statistieken

Algemene statistieken
  • Deze quiz is 48 keer genomen
  • De gemiddelde score is 13 van 20
Antwoordstatistieken
Opgave Uitkomst % Correct
1 1
100%
100 10
100%
256 16
100%
4 2
100%
9 3
100%
900 30
100%
16 4
100%
1600 40
100%
64 8
100%
49 7
94%
169 13
93%
144 12
92%
81 9
92%
196 14
91%
400 20
91%
25 5
89%
121 11
87%
324 18
86%
2500 50
83%
36 6
83%
625 25
82%
484 22
80%
1024 32
78%
441 21
75%
3600 60
75%
2116 46
73%
361 19
71%
1225 35
71%
289 17
70%
576 24
69%
225 15
67%
961 31
67%
2025 45
67%
1156 34
60%
1681 41
58%
729 27
57%
1521 39
57%
529 23
56%
676 26
55%
1764 42
55%
2401 49
53%
784 28
50%
1849 43
50%
2601 51
50%
3364 58
50%
1296 36
47%
2809 53
45%
2209 47
44%
3249 57
44%
1089 33
43%
1936 44
43%
2704 52
43%
3481 59
42%
2916 54
40%
841 29
38%
2304 48
36%
3025 55
33%
1444 38
22%
3136 56
22%
1369 37
17%
Geen overeenkomende quizzen gevonden
Scoreverdeling
Procent van Mensen met Elke Score
Percentiel versus Aantal Correcte Antwoorden
Uw Scoregeschiedenis
U heeft deze quiz nog niet genomen